Power of Symbols: (Record no. 186549)
[ view plain ]
| 000 -LEADER | |
|---|---|
| fixed length control field | 00638nam a22001817a 4500 |
| 005 - DATE AND TIME OF LATEST TRANSACTION | |
| control field | 20220309103150.0 |
| 010 ## - LCCN (DPL NO) | |
| LC control number | ENG-131892 |
| 020 ## - INTERNATIONAL STANDARD BOOK NUMBER | |
| International Standard Book Number | 9781646785704 |
| Terms of availability | 360.00 |
| 035 ## - SYSTEM CONTROL NUMBER | |
| System control number | EN-115424 |
| 037 ## - SOURCE OF ACQUISITION | |
| Source of stock number/acquisition | DBAD/PUB |
| 082 ## - DEWEY DECIMAL CLASSIFICATION NUMBER | |
| Classification number | 230.36 |
| Item number | 1 |
| 100 ## - MAIN ENTRY--PERSONAL NAME | |
| Personal name | Prabhu, K V |
| 245 ## - TITLE STATEMENT | |
| Title | Power of Symbols: |
| Remainder of title | A Guide and a Reference Book for All Genuine Reiki Channels and Spiritualist Who wants to Improve His Power in Healing/ |
| Statement of responsibility, etc | K V Prabhu |
| 260 ## - PUBLICATION, DISTRIBUTION, ETC. (IMPRINT) | |
| Name of publisher, distributor, etc | Notion Press |
| Place of publication, distribution, etc | Chennai |
| Date of publication, distribution, etc | 2019 |
| 270 ## - ADDRESS | |
| Address | Old No. 38, New No. 6, Mcnichols Road, Chetpet |
| City | Chennai |
| Postal code | 600031 |
| 300 ## - PHYSICAL DESCRIPTION | |
| Extent | 222p. |
| Dimensions | 22 cm(pbk) |
| 942 ## - ADDED ENTRY ELEMENTS (KOHA) | |
| Source of classification or shelving scheme | Dewey Decimal Classification |
| Item type | English Books |
| Classification part | 230.6 |
| Call number suffix | PRA |
| Withdrawn status | Lost status | Not for loan | Collection code | Home library | Current library | Date acquired | Source of acquisition | Cost, normal purchase price | Full call number | Barcode | Copy number | Cost, replacement price | Koha item type |
|---|---|---|---|---|---|---|---|---|---|---|---|---|---|
| Non-fiction | Central Library | Central Library | 09/03/2022 | DBAD/PUB | 360.00 | 230.6 PRA | EN-115424 | 1 | 360.00 | English Books |
